000 01195nam0a22003011 4500
001 v19\rc\1392824
005 20260406164953.0
035 _a(NLR Aleph) 005221990
090 _a5514743
_c5514743
100 _a20060512e18681868|||y0rusy50 ca
101 0 _arus
102 _aRU
105 _ay j |||||
200 1 _aПубличные лекции профессора Любимова
_fК. В[ладимир] О[доевский]
210 _aМосква
_cУнив. тип.
_d1868
215 _a22 с.
_d15
311 _aИз № 7 "Соврем. летописей"
488 0 _12001#$aСовременная летопись$v№ 7
_tСовременная летопись
700 1 _7ca
_8rus
_aОдоевский
_bВ. Ф.
_f1804-1869
_gВладимир Федорович
_9121136
_3RU\NLR\AUTH\7711389
702 1 _4570
_7ca
_8rus
_aЛюбимов
_bН. А.
_f1830-1897
_gНиколай Алексеевич
_942936
_3RU\NLR\AUTH\7760005
801 2 _aRU
_bNLR
_c20071227
_2rusmarc
801 0 _aRU
_bNLR
_c20060512
_gpsbo
801 0 _aRU
_bRuMoRGB
_c20060512
_2psbo
801 1 _aRU
_bProSoft-M
_c20060512
_2rusmarc
852 _aNLR
_j18.91.4.521
942 _cBOOK
980 _aNB